<The> Oxford handbook of the welfare state

Salvato in:
Dettagli Bibliografici
Altri autori: Castles, Francis G.
Natura: Libro
Lingua:inglese
Pubblicazione: Oxford Oxford University Press 2012
Soggetti:
Tags: Aggiungi Tag
Nessun Tag, puoi essere il primo ad aggiungerne!!

MARC

LEADER 00000nam a2200000 4500
001 0186407
005 20230109114737.9
020 |a 978-0-19-965051-4 
041 0 |a eng 
044 |a GB 
245 1 0 |a <The> Oxford handbook of the welfare state  |c edited by: Francis G. Castles ... [et al.] 
264 1 |a Oxford  |b Oxford University Press  |c 2012 
300 |a 876 s. 
610 2 0 |a štát sociálny 
610 2 0 |a politika sociálna 
610 2 0 |a úroveň životná 
610 2 0 |a blahobyt 
610 2 0 |a chudoba 
610 2 0 |a rodina 
610 2 0 |a štát 
610 2 0 |a organizácie 
610 2 0 |a príjmy 
610 2 0 |a výdavky 
610 2 0 |a práva sociálne 
610 2 0 |a problémy spoločenské 
610 2 0 |a makroekonomika 
610 2 0 |a metódy výskumu 
610 2 0 |a porovnanie medzinárodné 
700 1 |a Castles, Francis G.